Statystyki dla Państwa, które w nazwie mają spójnik "i".

Kliknij tutaj aby rozwiązać quiz!

Ogólne statystyki

  • Ten quiz został rozwiązany 308 razy
    (270 od ostatniego zresetowania)
  • Średni wynik to 4 z 6

Statystyki odpowiedzi

Odpowiedź% Poprawnych
Antigua i Barbuda
79%
Bośnia i Hercegowina
79%
Trynidad i Tobago
77%
Wyspy Świętego Tomasza i Książęca
68%
Saint Kitts i Nevis
60%
Saint Vincent i Grenadyny
57%

Rozkład punktacji

Percentyl według liczby udzielonych odpowiedzi

Procent ludzi z każdym wynikiem

Twoja historia wyników

Nie rozwiązałeś tego quizu od ostatniego zresetowania